The Postage Stamps of Great Britain (Record no. 557)

000 -LEADER
fixed length control field 00558nam a22001817a 4500
003 - CONTROL NUMBER IDENTIFIER
control field OSt
008 - FIXED-LENGTH DATA ELEMENTS--GENERAL INFORMATION
fixed length control field 140419b xxu||||| |||| 00| 0 eng d
041 ## - LANGUAGE CODE
Language code of text/sound track or separate title eng
100 1# - MAIN ENTRY--PERSONAL NAME
Personal name Beaumont, K. M. | Adams, H. C. V.
245 10 - TITLE STATEMENT
Title The Postage Stamps of Great Britain
246 10 - VARYING FORM OF TITLE
Title proper/short title Part 3 - The Embossed Issues, The Surface Printed Issues of Queen Victoria and King Edward VII
260 ## - PUBLICATION, DISTRIBUTION, ETC. (IMPRINT)
Place of publication, distribution, etc. London, England
Name of publisher, distributor, etc. The Royal Philatelic Society
300 ## - PHYSICAL DESCRIPTION
Extent 179 pages
650 #0 - SUBJECT ADDED ENTRY--TOPICAL TERM
Topical term or geographic name as entry element Great Britain
650 #0 - SUBJECT ADDED ENTRY--TOPICAL TERM
Topical term or geographic name as entry element Line Engraved
650 #0 - SUBJECT ADDED ENTRY--TOPICAL TERM
Topical term or geographic name as entry element Embossed
650 #0 - SUBJECT ADDED ENTRY--TOPICAL TERM
Topical term or geographic name as entry element Surface Printed
Holdings
Withdrawn status Lost status Source of classification or shelving scheme Materials specified (bound volume or other part) Damaged status Not for loan Collection code Permanent Location Current Location Shelving location Date acquired Total Checkouts Full call number Barcode Date last seen Price effective from Koha item type
      Hard Cover     Richard Drews Northern Philatelic Library Northern Philatelic Library General Stacks 04/19/2014   G5740 A11 B379 1000676 06/27/2015 06/27/2015 Books

Powered by Koha